000
00295nam a2200121Ia 4500
008
190216s9999||||xx |||||||||||||| ||und||
100
_a
Charles Kittel
245
0
_a
Introduction To Solid State Physics
260
_b
Wiley Eastern Ltd
_c
1979
300
_a
599p
650
_a
Chemistry
942
_c
BK
999
_c
2163
_d
2163